Yoga of perfect sight : (Record no. 78076)
[ view plain ]
| 000 -LEADER | |
|---|---|
| fixed length control field | 00602nam a22001937a 4500 |
| 005 - DATE AND TIME OF LATEST TRANSACTION | |
| control field | 20130913145520.0 |
| 010 ## - LCCN (DPL NO) | |
| LC control number | ENG-108151 |
| 020 ## - INTERNATIONAL STANDARD BOOK NUMBER | |
| International Standard Book Number | 9788170589839 |
| Terms of availability | 75.00 |
| 035 ## - SYSTEM CONTROL NUMBER | |
| System control number | EN-91684 |
| 037 ## - SOURCE OF ACQUISITION | |
| Source of stock number/acquisition | DBAD/PUB |
| 082 ## - DEWEY DECIMAL CLASSIFICATION NUMBER | |
| Classification number | 617.755 |
| 100 ## - MAIN ENTRY--PERSONAL NAME | |
| Personal name | Agarwal, R.S. |
| 245 ## - TITLE STATEMENT | |
| Title | Yoga of perfect sight : |
| Statement of responsibility, etc | by R.S. Agarwal |
| Remainder of title | with letters of Sri Aurobindo / |
| 250 ## - EDITION STATEMENT | |
| Edition statement | 4th ed |
| 260 ## - PUBLICATION, DISTRIBUTION, ETC. (IMPRINT) | |
| Place of publication, distribution, etc | Pondicherry |
| Name of publisher, distributor, etc | Sri Aurobindo Ashram |
| Date of publication, distribution, etc | 2012 |
| 270 ## - ADDRESS | |
| City | Pondicherry |
| Postal code | 605002 |
| Address | Sri Aurobindo Ashram Publication Department |
| 300 ## - PHYSICAL DESCRIPTION | |
| Extent | 249p. : |
| Dimensions | 20cm(pbk) |
| Other physical details | ill. |
| 942 ## - ADDED ENTRY ELEMENTS (KOHA) | |
| Source of classification or shelving scheme | Dewey Decimal Classification |
| Item type | English Books |
| Call number suffix | AGA |
| Classification part | 617.755 |
| Withdrawn status | Lost status | Not for loan | Collection code | Home library | Current library | Date acquired | Source of acquisition | Cost, normal purchase price | Full call number | Barcode | Copy number | Cost, replacement price | Koha item type |
|---|---|---|---|---|---|---|---|---|---|---|---|---|---|
| Not For Loan | Non-fiction | D.B.Act.Division | D.B.Act.Division | 26/07/2013 | DBAD/PUB | 75.00 | 617.755 AGA | EN-91684 | 1 | 75.00 | English Books |
